Wrestling Factions Members 3 - Statistics

General Stats
  • This quiz has been taken 43 times
  • The average score is 21 of 55
Answer Stats
Hint Answer % Correct
Ministry Of Darkness The Undertaker
88%
The Corporation Mr. McMahon
84%
Shane McMahon
84%
Jericho Appreciation Society Chris Jericho
81%
Triple H
75%
Booker T
72%
LWO (WCW) Eddie Guerrero
69%
Rey Mysterio Jr.
66%
The Rock
66%
Kane
59%
Main Event Mafia Kurt Angle
59%
Christian
56%
Christian Cage
56%
Edge
56%
Kevin Nash
56%
Viscera
56%
Bradshaw
53%
Gangrel
53%
Paul Bearer
53%
Big Boss Man
50%
Farooq
50%
Mideon
50%
Chyna
47%
Sting
47%
Ken Shamrock
44%
Samoa Joe
44%
Sammy Guevara
41%
Test
41%
Big Show
38%
Jake Hager
38%
Scott Steiner
38%
La Parka
28%
Pat Patterson
28%
Shawn Michaels
28%
Gerald Brisco
25%
Daniel Garcia
22%
Juventud Guerrera
22%
Anna Jay
16%
Pete Gas
16%
Psychosis
16%
El Dandy
13%
Magnus
13%
Matt Menard
13%
Rodney
13%
Sgt. Slaughter
13%
Silver King
13%
Angelo Parker
9%
Rampage Jackson
9%
Tay Melo
9%
Damián
6%
Traci Brooks
6%
Héctor Garza
3%
Ciclope
0%
Spyder
0%
Villano V
0%
No matching quizzes found
Score Distribution
Percent of People with Each Score
Percentile by Number Answered
Your Score History
You have not taken this quiz